| Поле | Название | Значение |
| |
Тип записи |
a |
| |
Библиографический уровень |
m |
| 001 |
Контрольный номер |
RU/IS/BASE/553277265 |
| 005 |
Дата корректировки |
20201206205055.4 |
| 010 |
Индекс ISBN |
__ |
| a |
ISBN |
978-5-7264-0724-1 (в обл.) |
| d |
Цена |
377-89 |
| 100 |
Данные общей обработки |
__ |
| a |
Данные общей обработки |
19170713d2013||||||| 0rusy0189 ca |
| 101 |
Язык документа |
0_ |
| a |
Язык текста |
rus |
| 102 |
Страна публикации |
__ |
| a |
Страна публикации |
ru |
| 105 |
Кодированные данные (монография) |
__ |
| a |
Кодированные данные (монография) |
a|||||||000zy |
| 200 |
Заглавие и сведения об ответственности |
1_ |
| a |
Заглавие |
Микровибродинамические процессы формирования сверхпроектных нагрузок на строительные конструкции |
| f |
Первые сведения об ответственности |
Ж. Г. Могилюк, М. С. Хлыстунов ; научный редактор М. С. Хлыстунов ; Министерство образования и науки Российской Федерации, ФГБОУ ВПО "Московский государственный строительный университет" |
| b |
Общее обозначение материала |
Текст |
| 210 |
Выходные данные |
__ |
| a |
Место издания |
Москва |
| c |
Издательство |
МГСУ |
| d |
Дата издания |
2013 |
| 215 |
Физическое описание |
__ |
| a |
Объем |
138, [2] с. |
| c |
Иллюстрации/тип воспроизводства |
ил. черт., табл. |
| d |
Формат |
21 см |
| 225 |
Серия |
__ |
| a |
Серия |
Библиотека научных разработок и проектов НИУ МГСУ |
| 300 |
Общие примечания |
__ |
| a |
Общие примечания |
100 экз. |
| 320 |
Библиография |
__ |
| a |
Библиография |
Библиогр.: с. 116-127 |
| 330 |
Аннотация |
__ |
| a |
Аннотация |
Рассмотрены новые методы оценки влияния микровибродинамических многоцикловых нагрузок в системах типа "объект — основание" на формирование сверхпроектных нагрузок на строительные конструкции. Представлены теоретические основы вибродозиметрического метода моделирования вибродинамических и геодеформационных процессов, прикладной динамической теории упругости и метода точечных источников динамических нагрузок для построения типовых схем расчетного моделирования взаимодействия строительных конструкций и оснований. Для магистрантов, аспирантов, докторантов и научных работников, занимающихся проблемами теоретического и компьютерного моделирования полей микровибродинамических напряжений в основаниях строительных объектов, остаточных деформаций и микровибродинамических процессов формирования сверхпроектных нагрузок на строительные конструкции. |
| 606 |
Тематические рубрики |
__ |
| a |
Основная рубрика |
Строительство |
| 606 |
Тематические рубрики |
__ |
| a |
Основная рубрика |
Строительные конструкции |
| 610 |
Ключевые слова |
__ |
| a |
Ключевые слова |
аварийность |
| a |
Ключевые слова |
деформации |
| a |
Ключевые слова |
динамические воздействия |
| a |
Ключевые слова |
микровибродинамические процессы |
| a |
Ключевые слова |
моделирование |
| a |
Ключевые слова |
нагрузки |
| a |
Ключевые слова |
основания |
| a |
Ключевые слова |
основания фундаментов |
| a |
Ключевые слова |
расчетное моделирование |
| a |
Ключевые слова |
сверхпроектные нагрузки |
| a |
Ключевые слова |
фундаменты |
| a |
Ключевые слова |
фундаменты зданий |
| 686 |
Индексы других классификаций |
__ |
| 2 |
Код системы |
rubbks |
| a |
Классификационный индекс |
38.5 |
| 700 |
Автор |
_1 |
| a |
Фамилия |
Могилюк |
| b |
Имя |
Ж. Г. |
| g |
Полное личное имя |
Жанна Геннадиевна |
| 4 |
Код отношения |
070 |
| 701 |
Альтернативная интеллектуальная ответственность |
_1 |
| a |
Фамилия |
Хлыстунов |
| b |
Имя |
М. С. |
| g |
Полное личное имя |
Михаил Сергеевич |
| 4 |
Код отношения |
070 |
| 4 |
Код отношения |
340 |
| 711 |
Наименование организации. (Альтернативная ответственность) |
__ |
| a |
Организация/ юрисдикция |
Российская Федерация |
| b |
Другие уровни |
Министерство образования и науки |
| 711 |
Наименование организации. (Альтернативная ответственность) |
__ |
| a |
Организация/ юрисдикция |
Московский государственный строительный университет |
| 801 |
Источник записи |
_0 |
| a |
Страна |
ru |
| b |
Организация |
Муниципальное бюджетное учреждение культуры "Централизованная библиотечная система" г. Сургут (Центральная городская библиотека им. А. С. Пушкина) |
| c |
Дата составления |
20170713 |
| g |
Правила каталогизации |
КиК/Котельникова |
| 801 |
Источник записи |
_1 |
| a |
Страна |
ru |
| b |
Организация |
Муниципальное бюджетное учреждение культуры "Централизованная библиотечная система" г. Сургут (Центральная городская библиотека им. А. С. Пушкина) |
| c |
Дата составления |
20170713 |
| g |
Правила каталогизации |
КиК/Котельникова |
| 852 |
Данные о местонахождении |
__ |
| j |
Шифр хранения |
38.5 |
| i |
Авторский знак |
М 74 |
| 901 |
Тип документа |
__ |
| t |
Тип документа |
m |
| 903 |
Характеристики (МАРС) |
__ |
| a |
Дата передачи |
20170713 |
| 969 |
Тип издания |
__ |
| a |
Тип издания |
научное издание |
| 990 |
Данные о заказе (DOS) |
__ |
| j |
Количество экземпляров (DOS) |
1 |
| t |
N записи в КСУ для И/У (DOS) |
201707 |